[Event "AUTO-OPEN-2359"]
[Site "http://www.queenalice.com/game.php?id=936762"]
[Date "2011.5.11"]
[Round "1"]
[White "salvador_2011"]
[Black "parisbestfriend"]
[Result "1-0"]
[WhiteElo "2042"]
[BlackElo "1553"]

1. e4 Nf6 2. e5 Nd5 3. c4 Nb6 4. d4 d6 5. exd6 exd6 6. Nf3 Be6 7. Be2 d5 8. c5
N6d7 9. O-O b6 10. cxb6 axb6 11. Bd3 g6 12. Qc2 Bg7 13. Bg5 Nf6 14. Bf4 Ra7 15.
Na3 c6 16. Bxb8 Qxb8 17. Qxc6+ Kd8 18. Nb5 Ra5 19. Ng5 Ng4 20. Rfe1 Qxh2+ 21.
Kf1 Qh1+ 22. Ke2 Qxg2 23. Qc7+ Ke8 24. Nd6+ Kf8 25. Qd8# 1-0

[Event "AUTO-OPEN-2359"]
[Site "http://www.queenalice.com/game.php?id=936763"]
[Date "2011.5.11"]
[Round "1"]
[White "parisbestfriend"]
[Black "salvador_2011"]
[Result "0-1"]
[WhiteElo "1507"]
[BlackElo "1997"]

1. Nc3 d5 2. d4 Nf6 3. Nf3 c5 4. dxc5 Nc6 5. a3 d4 6. Nb5 Qa5+ 7. c3 Qxb5 8.
cxd4 Qa5+ 9. Bd2 Qc7 10. g3 Bg4 11. Qa4 O-O-O 12. Bc3 Qd7 13. Ne5 Nxe5 14. dxe5
Qxa4 15. exf6 exf6 16. Bg2 Bxe2 17. Kxe2 Qc4+ 18. Ke1 Bxc5 19. Rc1 Rhe8+ 0-1

[Event "AUTO-OPEN-2359"]
[Site "http://www.queenalice.com/game.php?id=936782"]
[Date "2011.5.11"]
[Round "1"]
[White "parisbestfriend"]
[Black "rafael_100000"]
[Result "0-1"]
[WhiteElo "1526"]
[BlackElo "1584"]

1. Nc3 e5 2. Nf3 Nc6 3. d4 d6 4. Qd3 Nf6 5. a3 Qe7 6. d5 Nd8 7. e4 Bg4 8. Qb5+
c6 9. dxc6 bxc6 10. Qa4 d5 11. exd5 Rc8 12. Be3 Bd7 13. Qxa7 cxd5 14. Bb6 Qd6
15. O-O-O Be7 16. h3 O-O 17. g4 e4 18. Nd4 Rc7 19. Bxc7 Qc5 20. Bb6 Qd6 21. Nf5
Bxf5 22. gxf5 Qf4+ 23. Rd2 Nc6 24. Bb5 Nxa7 25. Bxa7 Qxf5 26. Bc6 Rd8 27. h4 Qf3
28. Rhd1 Bxa3 29. Nxd5 Nxd5 30. Bxd5 Bxb2+ 31. Kxb2 Qf6+ 32. Bd4 Rb8+ 33. Bb3
Qf5 34. Rg1 h5 35. Rxg7+ Kf8 36. Kc1 Rb7 37. Rg5 Qf3 38. Ba4 Qh1+ 39. Rd1 Rb1+
40. Kxb1 Qxd1+ 41. Ka2 Qxd4 42. Bb3 Qxf2 43. Rxh5 e3 44. Rh8+ Kg7 45. Re8 e2 46.
Re7 e1=Q 0-1

[Event "AUTO-OPEN-2359"]
[Site "http://www.queenalice.com/game.php?id=936783"]
[Date "2011.5.11"]
[Round "1"]
[White "rafael_100000"]
[Black "parisbestfriend"]
[Result "1-0"]
[WhiteElo "1533"]
[BlackElo "1453"]

1. e4 Nf6 2. Nc3 Nc6 3. d4 d5 4. e5 Ne4 5. Nxe4 dxe4 6. c3 g6 7. Bb5 a6 8. Bxc6+
bxc6 9. Qe2 Bf5 10. Bf4 e6 11. g4 g5 12. gxf5 gxf4 13. Qxe4 Qh4 14. Qxc6+ Ke7
15. f6+ Kd8 16. Qxa8+ Kd7 17. Qxa6 f3 18. Qb5+ Kc8 19. Qc6 Bh6 20. Qxf3 Rg8 21.
a4 Kb8 22. Ra3 Rg4 23. Rb3+ Kc8 24. Qa8+ Kd7 25. Rb8 Re4+ 26. Kd1 Bd2 27. Rd8#
1-0

[Event "Let's Play Chess!"]
[Site "http://www.queenalice.com/game.php?id=937742"]
[Date "2011.5.13"]
[Round "-"]
[White "egs19690901"]
[Black "parisbestfriend"]
[Result "0-1"]
[WhiteElo "1484"]
[BlackElo "1535"]

1. e4 Nf6 2. e5 Nd5 3. Bc4 e6 4. Qf3 Nc6 5. Nc3 Nxe5 6. Qe4 Nxc4 7. Qxc4 Nb6 8.
Qg4 Qf6 9. Ne4 Qe5 10. Nf3 Qb5 11. Nc3 Qf5 12. Qxf5 exf5 13. Nb5 Nd5 14. O-O a6
15. Re1+ Be7 16. Nbd4 d6 17. c4 Nb4 18. a3 Nd3 19. Re2 c5 20. Nc2 Be6 21. b4
cxb4 22. axb4 Bxc4 23. Ba3 Nxb4 24. Re3 Nxc2 25. Rc3 Nxa1 26. Rxc4 d5 27. Rc3
Bxa3 28. Rxa3 Nc2 29. Rd3 d4 30. Nxd4 Rd8 31. Kf1 Nb4 32. Re3+ Kd7 33. Nxf5 Kc8
34. Ne7+ Kd7 35. d4 Nc2 36. Re4 Rhe8 37. Ke2 Rxe7 38. Rxe7+ Kxe7 0-1

[Event "Let's Play Chess!"]
[Site "http://www.queenalice.com/game.php?id=937743"]
[Date "2011.5.13"]
[Round "-"]
[White "parisbestfriend"]
[Black "YERK"]
[Result "0-1"]
[WhiteElo "1483"]
[BlackElo "1836"]

1. Nc3 d5 2. d4 Nf6 3. Nf3 Bf5 4. h3 e6 5. Bf4 c6 6. Nh4 Ne4 7. Nxf5 exf5 8. Qd3
Bb4 9. a3 Qa5 10. Bd2 Nxd2 11. Qxd2 O-O 12. Rd1 Bxc3 13. Qxc3 Qxc3+ 14. bxc3 Nd7
15. e3 Rfe8 16. g3 Nf6 17. Bd3 g6 18. Rb1 Re7 19. Rg1 b5 20. g4 fxg4 21. hxg4
Ne4 22. Rb3 Ng5 23. Rf1 Ne4 24. f3 Nd6 25. f4 Rxe3+ 26. Kd2 Rae8 27. f5 Nc4+ 28.
Bxc4 dxc4 29. fxg6 hxg6 30. d5 cxb3 31. dxc6 Re2+ 32. Kc1 Rxc2+ 33. Kd1 Rxc3 34.
Rf6 b2 0-1

[Event "AUTO-OPEN-2361"]
[Site "http://www.queenalice.com/game.php?id=937914"]
[Date "2011.5.14"]
[Round "1"]
[White "parisbestfriend"]
[Black "justeldiablo"]
[Result "0-1"]
[WhiteElo "1462"]
[BlackElo "1914"]

1. Nc3 d5 2. d4 Bf5 3. h3 e6 4. Nf3 Bb4 5. g4 Bxc3+ 6. bxc3 Be4 7. e3 Qd6 8. Bd3
Nf6 9. Bxe4 Nxe4 10. Qd3 a6 11. c4 c6 12. O-O O-O 13. Ba3 c5 14. Rab1 b6 15.
dxc5 bxc5 16. cxd5 exd5 17. Rfd1 Rd8 18. c4 Nf6 19. Ng5 Qe5 20. Nf3 Qc7 21. g5
Nh5 22. Qf5 g6 23. Qd3 Nc6 0-1

[Event "AUTO-OPEN-2361"]
[Site "http://www.queenalice.com/game.php?id=937915"]
[Date "2011.5.14"]
[Round "1"]
[White "justeldiablo"]
[Black "parisbestfriend"]
[Result "1-0"]
[WhiteElo "1912"]
[BlackElo "1464"]

1. d4 d5 2. Bf4 e6 3. c4 dxc4 4. Qa4+ Nd7 5. Qxc4 Bd6 6. Bxd6 cxd6 7. Nc3 Qb6 8.
e4 d5 9. exd5 exd5 10. Nxd5 Qxb2 11. Rc1 Nb6 12. Nxb6 axb6 13. Nf3 Be6 14. Qb5+
Qxb5 15. Bxb5+ Bd7 16. Bxd7+ Kxd7 17. O-O Rxa2 18. Ne5+ Ke6 19. Rc7 Rd2 20. Nxf7
Rxd4 21. Nxh8 Nh6 22. Rxg7 b5 23. Rxb7 Kd5 24. Rxh7 1-0

[Event "AUTO-INT-2033"]
[Site "http://www.queenalice.com/game.php?id=937951"]
[Date "2011.5.14"]
[Round "1"]
[White "Drifter"]
[Black "parisbestfriend"]
[Result "1-0"]
[WhiteElo "1587"]
[BlackElo "1443"]

1. e4 Nf6 2. Nc3 d5 3. exd5 Nxd5 4. Nxd5 Qxd5 5. Nf3 Nc6 6. d3 g6 7. c4 Qe6+ 8.
Be2 Qg4 9. O-O h5 10. h3 Qf5 11. Qa4 Bd7 12. b4 Ne5 13. Qb3 Bg7 14. d4 Nxf3+ 15.
Bxf3 1-0

[Event "AUTO-INT-2033"]
[Site "http://www.queenalice.com/game.php?id=937952"]
[Date "2011.5.14"]
[Round "1"]
[White "parisbestfriend"]
[Black "Drifter"]
[Result "0-1"]
[WhiteElo "1454"]
[BlackElo "1576"]

1. Nc3 e5 2. Nf3 Nc6 3. d4 d6 4. Qd3 Nb4 5. Qe4 Nf6 6. Bg5 Nxe4 7. Bxd8 Nxc2+ 8.
Kd1 Nxa1 9. Bxc7 Nxf2+ 10. Kc1 Nxh1 11. dxe5 dxe5 12. Nxe5 Bf5 13. e4 Be6 14.
Kb1 Rc8 15. Bb5+ Ke7 0-1

[Event "AUTO-INT-2033"]
[Site "http://www.queenalice.com/game.php?id=937967"]
[Date "2011.5.14"]
[Round "1"]
[White "parisbestfriend"]
[Black "MONTENEGRO"]
[Result "0-1"]
[WhiteElo "1533"]
[BlackElo "1746"]

1. Nc3 Nf6 2. Nf3 d5 3. d4 Nc6 4. g3 Bg4 5. Bg2 Bxf3 6. Bxf3 e6 7. a3 Bd6 8. Nb5
a6 9. Nxd6+ Qxd6 10. Bf4 Qe7 11. c3 h6 12. Qb3 b5 13. a4 O-O 14. axb5 axb5 15.
Rxa8 Rxa8 16. Qxb5 Ne4 17. e3 Ra1+ 18. Ke2 Rxh1 19. Bxh1 Na7 20. Qb8+ Kh7 21.
Qxa7 Qd7 22. Qa5 Qc6 23. Bxc7 Qc4+ 24. Ke1 Qd3 0-1

[Event "AUTO-INT-2033"]
[Site "http://www.queenalice.com/game.php?id=937968"]
[Date "2011.5.14"]
[Round "1"]
[White "MONTENEGRO"]
[Black "parisbestfriend"]
[Result "1-0"]
[WhiteElo "1738"]
[BlackElo "1541"]

1. e4 Nf6 2. Nc3 d5 3. exd5 Nxd5 4. Nxd5 Qxd5 5. Nf3 Qe6+ 6. Qe2 Nc6 7. Qxe6
Bxe6 8. Bb5 Bd7 9. O-O O-O-O 10. Bxc6 Bxc6 11. Ne5 Bd5 12. c4 Be4 13. Nxf7 Rg8
14. Nxd8 Kxd8 15. f3 Bd3 16. Re1 Bxc4 17. b3 Bb5 18. Bb2 Bd7 19. d4 g5 20. a4 g4
21. f4 Bh6 22. g3 Rg6 23. Ba3 Bg7 24. Bxe7+ 1-0

[Event "AUTO-INT-2033"]
[Site "http://www.queenalice.com/game.php?id=937969"]
[Date "2011.5.14"]
[Round "1"]
[White "parisbestfriend"]
[Black "Nunes"]
[Result "0-1"]
[WhiteElo "1430"]
[BlackElo "1771"]

1. Nc3 c5 2. Nf3 d5 3. d4 e6 4. Ne5 Bd6 5. Qd3 Bxe5 6. dxe5 f6 7. exf6 Nxf6 8.
Qb5+ Nc6 9. Qxc5 d4 10. Nb5 Ne4 11. Qa3 Qe7 12. Qxe7+ Kxe7 13. Bf4 e5 14. Bg3 a6
15. Nc7 Rb8 16. O-O-O Kd6 17. f4 Nxg3 18. fxe5+ Kxc7 19. hxg3 Be6 20. b3 Rbd8
21. Re1 Nxe5 22. e3 d3 23. Rd1 Bf5 24. c4 Ng4 25. Rh5 Nxe3 26. Rxf5 Nxf5 27.
Bxd3 Ne3 28. Rd2 g6 29. Kb2 Rd6 30. Kc3 Rhd8 31. a4 Nxg2 32. Rxg2 Rxd3+ 0-1

[Event "AUTO-INT-2033"]
[Site "http://www.queenalice.com/game.php?id=937970"]
[Date "2011.5.14"]
[Round "1"]
[White "Nunes"]
[Black "parisbestfriend"]
[Result "1-0"]
[WhiteElo "1768"]
[BlackElo "1433"]

1. e4 Nf6 2. e5 Nd5 3. d4 e6 4. Nf3 b6 5. c4 Nb4 6. Nc3 c5 7. a3 N4c6 8. d5 Na5
9. dxe6 dxe6 10. Qxd8+ Kxd8 11. Bg5+ Be7 12. Rd1+ Bd7 13. Bxe7+ Kxe7 14. Be2
Nbc6 15. O-O Rhg8 16. Ne4 h6 17. Rd6 f5 18. exf6+ gxf6 19. Rxd7+ Kxd7 20. Nxf6+
Kd6 21. Nxg8 Rxg8 22. Rd1+ Ke7 23. Kf1 Nb3 24. g3 Ncd4 25. Nxd4 Nxd4 26. b4 Nxe2
27. Kxe2 cxb4 28. axb4 a5 29. bxa5 bxa5 30. f4 a4 31. Ra1 Ra8 32. Kd3 Kd6 33.
Kd4 1-0

[Event "Challenge"]
[Site "http://www.queenalice.com/game.php?id=938478"]
[Date "2011.5.15"]
[Round "-"]
[White "TitoMagno"]
[Black "parisbestfriend"]
[Result "1-0"]
[WhiteElo "1835"]
[BlackElo "1551"]

1. e4 Nf6 2. e5 Nd5 3. d4 e6 4. Nf3 c5 5. c3 cxd4 6. cxd4 Qa5+ 7. Nbd2 Nc6 8.
Bc4 Qb4 9. O-O a6 10. a3 Qb6 11. Ne4 Nde7 12. Nd6+ Kd8 13. Nxf7+ Ke8 14. Nd6+
Kd8 15. Nf7+ Ke8 16. Nxh8 g6 17. Be3 Qxb2 18. Ng5 h5 19. d5 Qxe5 20. Nhf7 Qf6
21. dxc6 bxc6 22. Nd6+ Kd8 23. Bb6# 1-0

[Event "AUTO-OPEN-2363"]
[Site "http://www.queenalice.com/game.php?id=938652"]
[Date "2011.5.16"]
[Round "1"]
[White "Nachgeburt888"]
[Black "parisbestfriend"]
[Result "0-1"]
[WhiteElo "1220"]
[BlackElo "1460"]

1. Nf3 Nf6 2. Ng5 h6 3. Nf3 Nc6 4. Nc3 d5 5. e3 e5 6. b3 a6 7. g3 Bg4 8. Bd3 e4
9. Nxe4 dxe4 10. Bc4 Bxf3 11. Be2 Bxh1 12. f3 Bg2 0-1

[Event "AUTO-OPEN-2363"]
[Site "http://www.queenalice.com/game.php?id=938653"]
[Date "2011.5.16"]
[Round "1"]
[White "parisbestfriend"]
[Black "Nachgeburt888"]
[Result "1-0"]
[WhiteElo "1466"]
[BlackElo "1214"]

1. Nc3 Nc6 2. Nf3 Nf6 3. d4 Nb4 4. a3 Nc6 5. e4 b6 6. h3 h6 7. Bf4 d6 8. Qd3 Qd7
9. Qb5 Bb7 10. Bd3 a6 11. Qb3 g5 12. Be3 Na5 13. Qa2 1-0

[Event "AUTO-OPEN-2363"]
[Site "http://www.queenalice.com/game.php?id=938672"]
[Date "2011.5.16"]
[Round "1"]
[White "forth_generation"]
[Black "parisbestfriend"]
[Result "1-0"]
[WhiteElo "2367"]
[BlackElo "1547"]

1. e4 Nf6 2. Nc3 d5 3. e5 Ne4 4. Nxe4 dxe4 5. d4 Nc6 6. Ne2 Bg4 7. c3 e6 8. h3
Bf5 9. g4 Bg6 10. Nf4 e3 11. Bxe3 Be4 12. f3 Bd5 13. c4 Bb4+ 14. Kf2 Qh4+ 15.
Kg2 Bxf3+ 16. Qxf3 O-O-O 17. Rd1 Rhf8 18. c5 g5 19. Nh5 Nxe5 20. dxe5 Rxd1 21.
Qxd1 Be1 22. c6 f5 23. Qb3 f4 24. Qxb7+ Kd8 25. Qb8+ Ke7 26. Qxc7+ Ke8 27. Qd7#
1-0

[Event "AUTO-OPEN-2363"]
[Site "http://www.queenalice.com/game.php?id=938673"]
[Date "2011.5.16"]
[Round "1"]
[White "parisbestfriend"]
[Black "forth_generation"]
[Result "0-1"]
[WhiteElo "1451"]
[BlackElo "2358"]

1. Nc3 e5 2. Nf3 Nc6 3. d4 exd4 4. Nxd4 Nf6 5. Qd3 Bb4 6. Bd2 O-O 7. Nxc6 dxc6
8. O-O-O Qe7 9. g3 Be6 10. a3 Rad8 11. Qe3 Bxa3 12. bxa3 Qxa3+ 13. Kb1 Ng4 14.
Qf4 Nxf2 15. Qxf2 Rd5 16. Nxd5 Bxd5 17. c4 Be4# 0-1

[Event "AUTO-OPEN-2363"]
[Site "http://www.queenalice.com/game.php?id=938684"]
[Date "2011.5.16"]
[Round "1"]
[White "parisbestfriend"]
[Black "ricardofortaleza"]
[Result "0-1"]
[WhiteElo "1486"]
[BlackElo "1337"]

1. Nc3 e5 2. Nf3 d6 3. d4 exd4 4. Qxd4 Be7 5. Qxg7 Bf6 6. Qg3 Qe7 7. Nd5 Be6 8.
Nxe7 Bxe7 9. Bg5 f6 10. Bh4 Nd7 0-1

[Event "AUTO-OPEN-2363"]
[Site "http://www.queenalice.com/game.php?id=938685"]
[Date "2011.5.16"]
[Round "1"]
[White "ricardofortaleza"]
[Black "parisbestfriend"]
[Result "1-0"]
[WhiteElo "1313"]
[BlackElo "1510"]

1. e4 Nf6 2. d3 Nc6 3. Nf3 d5 4. exd5 Qxd5 5. Be2 h6 6. O-O g5 7. c4 Qd6 8. a3
Ne5 9. Nxe5 Qxe5 10. Nc3 e6 11. Be3 1-0